[Event "Cto. Madrid 2016/2017 - Semifinal"]
[Site "Madrid ESP"]
[Date "2017.04.04"]
[Round "7.15"]
[White "Santamaria Baeza, Adolfo"]
[Black "Ingunza Curro, Andres"]
[Result "0-1"]
[WhiteElo "1855"]
[BlackElo "1743"]
[PlyCount "120"]
[EventDate "2017.03.27"]
[EventType "swiss"]
[EventRounds "9"]
[EventCountry "ESP"]
[SourceTitle "AeM"]
[Source "lmi"]
[SourceDate "2017.03.27"]

1. e4 c5 2. Nf3 d6 3. d4 cxd4 4. Nxd4 Nf6 5. Nc3 g6 6. Be2 Bg7 7. Be3 O-O 8. h4
h5 9. f3 Nc6 10. g4 Qa5 11. Nb3 Qd8 12. gxh5 Nxh5 13. Rg1 e5 14. Bf2 Bf6 15.
Rh1 Nf4 16. Qd2 Ng2+ 17. Kd1 Kg7 18. h5 Bg5 19. h6+ Kh7 20. Qd3 Nf4 21. Qc4 Be6
22. Nd5 Ne7 23. Qc7 Nexd5 24. Qxd8 Raxd8 25. exd5 Bxd5 26. Bh4 Kxh6 27. c4 Be6
28. Nd2 d5 29. Bxg5+ Kxg5 30. Ke1 Rh8 31. Rg1+ Kf6 32. cxd5 Bxd5 33. Bc4 Bxc4
34. Nxc4 Rh2 35. Rd1 Rc8 36. Nd6 Rcc2 37. Ne4+ Ke7 38. Nc3 Ng2+ 39. Rxg2 Rcxg2
40. Kf1 Rxb2 41. Kg1 Rhd2 42. Re1 Rg2+ 43. Kh1 Rh2+ 44. Kg1 Rbg2+ 45. Kf1 Rh1+
46. Kxg2 Rxe1 47. Kf2 Rc1 48. Nd5+ Kd6 49. Ne3 Ra1 50. a3 Kc5 51. Ng4 Kd4 52.
Nh6 f5 53. Ng8 Rxa3 54. Ne7 a5 55. Nxg6 a4 56. Ne7 Ra2+ 57. Kg3 f4+ 58. Kg4 a3
59. Nf5+ Kc5 60. Nh4 Rc2 0-1

[Event "Cto. Madrid 2016/2017 - Semifinal"]
[Site "Madrid ESP"]
[Date "2017.04.04"]
[Round "7.16"]
[White "Barragan Arriaza, Pablo"]
[Black "Spitzer Isbert, Ramon"]
[Result "0-1"]
[WhiteElo "1872"]
[BlackElo "2023"]
[PlyCount "84"]
[EventDate "2017.03.27"]
[EventType "swiss"]
[EventRounds "9"]
[EventCountry "ESP"]
[SourceTitle "AeM"]
[Source "lmi"]
[SourceDate "2017.03.27"]

1. c4 f5 2. g3 Nf6 3. Bg2 e6 4. Nf3 Be7 5. O-O O-O 6. d4 d6 7. Nc3 c6 8. d5
cxd5 9. cxd5 e5 10. Nd2 Nbd7 11. b4 b6 12. a4 Ba6 13. b5 Bb7 14. Ba3 Rc8 15.
Rc1 Qe8 16. Nb3 Qg6 17. e3 Qh6 18. Qd2 g5 19. f4 Nc5 20. Nxc5 bxc5 21. h3 gxf4
22. exf4 Kh8 23. Qf2 Nd7 24. Bb2 Bf6 25. Rcd1 Nb6 26. fxe5 Bxe5 27. Na2 Nc4 28.
Bxe5+ Nxe5 29. Qf4 Qg7 30. Nc1 c4 31. Rd4 Rce8 32. Rdd1 Bc8 33. Kh2 Rg8 34. Rg1
Ref8 35. Bf3 Rf6 36. Rg2 Rh6 37. Rdg1 Qf6 38. g4 Nxf3+ 39. Qxf3 Qe5+ 40. Qg3
Rxh3+ 41. Kxh3 fxg4+ 42. Kh2 Qh5+ 0-1

[Event "Cto. Madrid 2016/2017 - Semifinal"]
[Site "Madrid ESP"]
[Date "2017.04.04"]
[Round "7.17"]
[White "Vukotic Jovsic, Dragan"]
[Black "Lopez Heras, Arturo"]
[Result "1-0"]
[WhiteElo "1950"]
[BlackElo "1905"]
[PlyCount "89"]
[EventDate "2017.03.27"]
[EventType "swiss"]
[EventRounds "9"]
[EventCountry "ESP"]
[SourceTitle "AeM"]
[Source "lmi"]
[SourceDate "2017.03.27"]

1. d4 Nf6 2. Bf4 d6 3. e3 g6 4. Nf3 Nh5 5. Bg5 h6 6. Bh4 g5 7. Nfd2 Ng7 8. Bg3
Nf5 9. Bc4 Nxg3 10. hxg3 d5 11. Bb3 Bg7 12. c4 c6 13. Nc3 Be6 14. cxd5 cxd5 15.
Ba4+ Nc6 16. f4 g4 17. Rh5 f5 18. Nb3 O-O 19. Nc5 Bc8 20. Nxd5 e6 21. Nc3 Qe7
22. Qe2 a6 23. a3 Kh7 24. Bc2 Kh8 25. O-O-O b6 26. Nb3 Rd8 27. e4 Qf7 28. Rh4
Ne7 29. e5 Bb7 30. Qd3 Ng6 31. Rh2 Rac8 32. Nd2 b5 33. Kb1 Ne7 34. Nb3 Nd5 35.
Nc5 Nxc3+ 36. Qxc3 Bd5 37. Qa5 Ra8 38. Bb3 Bxb3 39. Nxb3 Qb7 40. Nc5 Qd5 41.
Qb6 Rdc8 42. Rdh1 Rc6 43. Qb7 Rxc5 44. Rxh6+ Kg8 45. Rh8+ 1-0

[Event "Cto. Madrid 2016/2017 - Semifinal"]
[Site "Madrid ESP"]
[Date "2017.04.04"]
[Round "7.18"]
[White "Rosa Ramirez, Victor Diego"]
[Black "Pashov, Spas Nikolov"]
[Result "1-0"]
[WhiteElo "1945"]
[BlackElo "1867"]
[PlyCount "43"]
[EventDate "2017.03.27"]
[EventType "swiss"]
[EventRounds "9"]
[EventCountry "ESP"]
[SourceTitle "AeM"]
[Source "lmi"]
[SourceDate "2017.03.27"]

1. e4 e5 2. Nf3 Nc6 3. Bc4 Bc5 4. O-O Nf6 5. d4 Bxd4 6. Nxd4 Nxd4 7. f4 d6 8.
fxe5 dxe5 9. Bg5 Bg4 10. Bxf7+ Kxf7 11. Qxg4 Qc8 12. Qh4 Qe6 13. Nc3 Kg6 14.
Rxf6+ gxf6 15. Qh6+ Kf7 16. Rf1 f5 17. Qh4 h6 18. exf5 Nxf5 19. Qh5+ Kg7 20.
Rxf5 Raf8 21. Rxe5 hxg5 22. Rxg5+ 1-0

[Event "Cto. Madrid 2016/2017 - Semifinal"]
[Site "Madrid ESP"]
[Date "2017.04.04"]
[Round "7.19"]
[White "Anton Quevedo, Andrea"]
[Black "Fernandez Garcia, Ignacio"]
[Result "1-0"]
[WhiteElo "1849"]
[BlackElo "1862"]
[PlyCount "65"]
[EventDate "2017.03.27"]
[EventType "swiss"]
[EventRounds "9"]
[EventCountry "ESP"]
[SourceTitle "AeM"]
[Source "lmi"]
[SourceDate "2017.03.27"]

1. e4 Nc6 2. Nf3 d6 3. d4 g6 4. h3 Bg7 5. Nc3 Nf6 6. Be3 O-O 7. Qd2 Re8 8. Be2
a6 9. O-O b5 10. a3 Bb7 11. Rad1 b4 12. axb4 Nxb4 13. e5 Nfd5 14. Nxd5 Nxd5 15.
Bh6 e6 16. Bxg7 Kxg7 17. Ra1 Nb6 18. Rfc1 Rb8 19. exd6 cxd6 20. c4 Nd7 21. c5
dxc5 22. dxc5 Nf6 23. Qxd8 Rbxd8 24. c6 Bc8 25. Rc2 Nd5 26. Ra4 Nc7 27. Ne5 Re7
28. Rb4 f6 29. Nc4 Nd5 30. Rb8 Rc7 31. Na5 Rd6 32. g3 Nb4 33. Rxb4 1-0

[Event "Cto. Madrid 2016/2017 - Semifinal"]
[Site "Madrid ESP"]
[Date "2017.04.04"]
[Round "7.21"]
[White "Molina Garcia, Francisco Javier"]
[Black "Garcia Serrano, Jose Manuel"]
[Result "1-0"]
[WhiteElo "1922"]
[BlackElo "1871"]
[PlyCount "63"]
[EventDate "2017.03.27"]
[EventType "swiss"]
[EventRounds "9"]
[EventCountry "ESP"]
[SourceTitle "AeM"]
[Source "lmi"]
[SourceDate "2017.03.27"]

1. e4 e5 2. Nf3 Nc6 3. Bb5 a6 4. Ba4 Nf6 5. O-O Be7 6. d3 b5 7. Bb3 d5 8. exd5
Nxd5 9. h3 O-O 10. Re1 Qd6 11. a4 Be6 12. Nbd2 Rab8 13. Ne4 Qd7 14. Neg5 Bf6
15. Nxe6 fxe6 16. axb5 axb5 17. Bg5 Qe7 18. Bxf6 Qxf6 19. Qe2 Nf4 20. Qe4 Nxh3+
21. Kh2 Nf4 22. Qxc6 Qh6+ 23. Kg1 Rf5 24. Ra8 Rbf8 25. Rxe5 Rxe5 26. Rxf8+ Kxf8
27. Nxe5 Ne2+ 28. Kf1 Qd2 29. Qc5+ Ke8 30. Qxb5+ Ke7 31. Qd7+ Kf6 32. Qxe6+ 1-0

[Event "Cto. Madrid 2016/2017 - Semifinal"]
[Site "Madrid ESP"]
[Date "2017.04.05"]
[Round "8.1"]
[White "Iagar, Razvan Gabriel"]
[Black "Rottenwohrer Suarez, Juan"]
[Result "1/2-1/2"]
[WhiteElo "2150"]
[BlackElo "2129"]
[PlyCount "35"]
[EventDate "2017.03.27"]
[EventType "swiss"]
[EventRounds "9"]
[EventCountry "ESP"]
[SourceTitle "AeM"]
[Source "lmi"]
[SourceDate "2017.03.27"]

1. d4 Nf6 2. c4 g6 3. Nc3 Bg7 4. Nf3 d6 5. g3 O-O 6. Bg2 Nc6 7. O-O Bf5 8. d5
Na5 9. Nd4 Bd7 10. b3 c5 11. dxc6 Nxc6 12. Bb2 Nxd4 13. Qxd4 Bc6 14. Nd5 Nh5
15. Qd2 Bxb2 16. Qxb2 Bxd5 17. Bxd5 Rb8 18. Rfd1 1/2-1/2

[Event "Cto. Madrid 2016/2017 - Semifinal"]
[Site "Madrid ESP"]
[Date "2017.04.05"]
[Round "8.2"]
[White "Pindado Campos, Raul"]
[Black "Quevedo Marin, Manuel"]
[Result "0-1"]
[WhiteElo "2046"]
[BlackElo "2245"]
[PlyCount "78"]
[EventDate "2017.03.27"]
[EventType "swiss"]
[EventRounds "9"]
[EventCountry "ESP"]
[SourceTitle "AeM"]
[Source "lmi"]
[SourceDate "2017.03.27"]

1. d4 Nf6 2. Nf3 d5 3. c4 e6 4. Nc3 dxc4 5. e4 Bb4 6. Bg5 Bxc3+ 7. bxc3 h6 8.
Bxf6 Qxf6 9. Bxc4 O-O 10. O-O c5 11. Qe2 Nc6 12. Rfd1 cxd4 13. cxd4 e5 14. d5
Na5 15. h3 Bxh3 16. gxh3 Nxc4 17. Qxc4 Qxf3 18. Rd3 Qf4 19. d6 Rac8 20. Qd5 Rc6
21. Rad1 Rd8 22. d7 Rc7 23. Qa5 b6 24. Qb4 Rc2 25. R1d2 Rc1+ 26. Rd1 Rxd1+ 27.
Rxd1 Qf3 28. Rd2 Qxh3 29. Qe7 Qg4+ 30. Kf1 Qg5 31. Qe8+ Kh7 32. Rc2 Qh4 33. Rd2
Qh1+ 34. Ke2 Qxe4+ 35. Kf1 Qc4+ 36. Ke1 Qe4+ 37. Kf1 Qb1+ 38. Ke2 Qb5+ 39. Ke1
Rxe8 0-1

[Event "Cto. Madrid 2016/2017 - Semifinal"]
[Site "Madrid ESP"]
[Date "2017.04.05"]
[Round "8.3"]
[White "Lopez De Turiso, Jose Angel"]
[Black "Longa Yauca, Javier"]
[Result "1-0"]
[WhiteElo "2031"]
[BlackElo "2257"]
[PlyCount "49"]
[EventDate "2017.03.27"]
[EventType "swiss"]
[EventRounds "9"]
[EventCountry "ESP"]
[SourceTitle "AeM"]
[Source "lmi"]
[SourceDate "2017.03.27"]

1. e4 e5 2. Nf3 d6 3. Bc4 Be7 4. d4 exd4 5. Nxd4 Nf6 6. Nc3 O-O 7. O-O c6 8. a4
a5 9. Bf4 Na6 10. Nb3 Nc7 11. f3 Ne6 12. Be3 Nh5 13. f4 g6 14. Qe2 Nc7 15. Rad1
Be6 16. Bb6 Bxc4 17. Qxc4 Qc8 18. Bxc7 Qxc7 19. Nd5 Qd8 20. Nxe7+ Qxe7 21. g3
Rfe8 22. Rfe1 Qf8 23. Qc3 Qg7 24. Qxg7+ Kxg7 25. Rxd6 1-0

[Event "Cto. Madrid 2016/2017 - Semifinal"]
[Site "Madrid ESP"]
[Date "2017.04.05"]
[Round "8.4"]
[White "Madina Yadarola, Martin"]
[Black "Anton Veiga, Juan Carlos"]
[Result "1/2-1/2"]
[WhiteElo "2243"]
[BlackElo "2089"]
[PlyCount "121"]
[EventDate "2017.03.27"]
[EventType "swiss"]
[EventRounds "9"]
[EventCountry "ESP"]
[SourceTitle "AeM"]
[Source "lmi"]
[SourceDate "2017.03.27"]

1. Nf3 d5 2. g3 Nf6 3. Bg2 e6 4. O-O Be7 5. d3 O-O 6. Nbd2 b6 7. e4 dxe4 8.
dxe4 Bb7 9. e5 Nfd7 10. b3 Nc5 11. Bb2 a5 12. a4 Nba6 13. Qe2 Nb4 14. Rad1 Qc8
15. Nc4 Rd8 16. Rxd8+ Qxd8 17. Rd1 Qe8 18. Nd4 Bxg2 19. Kxg2 Rd8 20. Ba3 Nd5
21. Qf3 Bf8 22. h4 Rd7 23. Kh2 Qd8 24. Nb5 g6 25. h5 Qg5 26. Rd4 Qxh5+ 27. Qxh5
gxh5 28. Rh4 Nb4 29. Bxb4 axb4 30. Kg2 Be7 31. Rxh5 Ne4 32. Rh1 Nc3 33. Nxc3
bxc3 34. Kf3 Bc5 35. Ke2 Kg7 36. f3 Kg6 37. g4 Rd5 38. f4 c6 39. Rd1 h5 40.
Rxd5 cxd5 41. gxh5+ Kxh5 42. Nd6 Kg4 43. Nxf7 Kxf4 44. Kd3 Be7 45. Kxc3 Ke4 46.
b4 Bh4 47. Kb3 Be1 48. Ng5+ Kf5 49. Nf3 Bf2 50. c3 Kf4 51. Nd4 Kxe5 52. a5 bxa5
53. bxa5 Kd6 54. a6 Kc7 55. Nxe6+ Kb6 56. Kc2 Kxa6 57. Nc7+ Kb6 58. Nxd5+ Kc5
59. Nf4 Kc4 60. Nd3 Bd4 61. Nb2+ 1/2-1/2

[Event "Cto. Madrid 2016/2017 - Semifinal"]
[Site "Madrid ESP"]
[Date "2017.04.05"]
[Round "8.5"]
[White "Gonzalez Rivera, Eduardo"]
[Black "Torres Bosch, Jose Francisco"]
[Result "0-1"]
[WhiteElo "2020"]
[BlackElo "2154"]
[PlyCount "62"]
[EventDate "2017.03.27"]
[EventType "swiss"]
[EventRounds "9"]
[EventCountry "ESP"]
[SourceTitle "AeM"]
[Source "lmi"]
[SourceDate "2017.03.27"]

1. e4 c5 2. Nf3 d6 3. d4 cxd4 4. Nxd4 Nf6 5. Nc3 a6 6. Bg5 e6 7. f4 Qc7 8. Qf3
b5 9. Bd3 Nbd7 10. f5 Ne5 11. Qg3 Be7 12. O-O-O Bd7 13. Kb1 O-O-O 14. fxe6 fxe6
15. Nce2 Kb8 16. Bd2 Nh5 17. Qh3 g6 18. Nb3 Rdf8 19. Rhf1 Ng4 20. Qxg4 e5 21.
Rf5 Nf6 22. Qf3 gxf5 23. exf5 Bc6 24. Qe3 e4 25. Ned4 exd3 26. cxd3 Bd5 27. Rc1
Qd7 28. Na5 Rc8 29. Ne6 Rxc1+ 30. Bxc1 Bd8 31. Nxd8 Qxd8 0-1

[Event "Cto. Madrid 2016/2017 - Semifinal"]
[Site "Madrid ESP"]
[Date "2017.04.05"]
[Round "8.6"]
[White "De La Esperanza Martin, Alberto"]
[Black "Prieto Martin, Alfonso"]
[Result "1/2-1/2"]
[WhiteElo "2024"]
[BlackElo "2228"]
[PlyCount "73"]
[EventDate "2017.03.27"]
[EventType "swiss"]
[EventRounds "9"]
[EventCountry "ESP"]
[SourceTitle "AeM"]
[Source "lmi"]
[SourceDate "2017.03.27"]

1. e4 c5 2. Nf3 e6 3. Nc3 Nf6 4. d4 cxd4 5. Nxd4 Nc6 6. Be2 a6 7. O-O Qc7 8.
Bg5 Be7 9. a4 O-O 10. Nxc6 bxc6 11. Bd3 d6 12. Qf3 e5 13. Nd1 Bg4 14. Qg3 Bxd1
15. Raxd1 Nh5 16. Qg4 g6 17. Bh6 Rfe8 18. Bc4 Bf8 19. Bg5 Kg7 20. Kh1 h6 21.
Bc1 Kh7 22. Rd3 Qe7 23. Rf3 d5 24. exd5 Nf6 25. d6 Nxg4 26. dxe7 Rxe7 27. Rxf7+
Rxf7 28. Bxf7 Bc5 29. f3 Nf2+ 30. Kg1 Nh3+ 31. Kh1 Nf2+ 32. Kg1 Rf8 33. Bc4
Nh3+ 34. Kh1 Nf2+ 35. Kg1 Nh3+ 36. Kh1 Nf2+ 37. Kg1 1/2-1/2

[Event "Cto. Madrid 2016/2017 - Semifinal"]
[Site "Madrid ESP"]
[Date "2017.04.05"]
[Round "8.7"]
[White "Alfaya Marcelo, Roberto"]
[Black "Cervino Rossel, Cristobal"]
[Result "1/2-1/2"]
[WhiteElo "2193"]
[BlackElo "2045"]
[PlyCount "30"]
[EventDate "2017.03.27"]
[EventType "swiss"]
[EventRounds "9"]
[EventCountry "ESP"]
[SourceTitle "AeM"]
[Source "lmi"]
[SourceDate "2017.03.27"]

1. d4 Nf6 2. c4 e6 3. Nc3 Bb4 4. Qc2 O-O 5. a3 Bxc3+ 6. Qxc3 d5 7. Bg5 dxc4 8.
Qxc4 b6 9. Nf3 Ba6 10. Qc2 Nbd7 11. Rd1 Qc8 12. g3 c5 13. Bg2 cxd4 14. Qxc8
Raxc8 15. Nxd4 e5 1/2-1/2

[Event "Cto. Madrid 2016/2017 - Semifinal"]
[Site "Madrid ESP"]
[Date "2017.04.05"]
[Round "8.8"]
[White "Corisco Beltran, Rafael"]
[Black "Correas Gonzalez, Jose Ramon"]
[Result "0-1"]
[WhiteElo "2038"]
[BlackElo "2080"]
[PlyCount "52"]
[EventDate "2017.03.27"]
[EventType "swiss"]
[EventRounds "9"]
[EventCountry "ESP"]
[SourceTitle "AeM"]
[Source "lmi"]
[SourceDate "2017.03.27"]

1. e4 c5 2. Nf3 d6 3. d4 cxd4 4. Nxd4 Nf6 5. Nc3 a6 6. Be3 e6 7. f3 b5 8. Qd2
Nbd7 9. g4 Nb6 10. O-O-O Bb7 11. Kb1 b4 12. Nce2 d5 13. Nf4 e5 14. Nfe6 fxe6
15. Nxe6 Qd6 16. Nc5 Bc8 17. exd5 Be7 18. Bd3 Nbxd5 19. Ne4 Qb8 20. Bc5 Bxc5
21. Nxc5 Nc3+ 22. Ka1 Nxd1 23. Rxd1 O-O 24. g5 Nh5 25. Be4 Nf4 26. g6 hxg6 0-1

[Event "Cto. Madrid 2016/2017 - Semifinal"]
[Site "Madrid ESP"]
[Date "2017.04.05"]
[Round "8.9"]
[White "Casares Ripoll, Fernando"]
[Black "Arbunic Castro, Giovanna B"]
[Result "1-0"]
[WhiteElo "2106"]
[BlackElo "2005"]
[PlyCount "103"]
[EventDate "2017.03.27"]
[EventType "swiss"]
[EventRounds "9"]
[EventCountry "ESP"]
[SourceTitle "AeM"]
[Source "lmi"]
[SourceDate "2017.03.27"]

1. e4 c5 2. c3 d5 3. exd5 Qxd5 4. d4 e5 5. Nf3 e4 6. Ne5 Be6 7. Bf4 Qd8 8. Bb5+
Nd7 9. Bxd7+ Bxd7 10. Qb3 Qf6 11. Qxb7 Rd8 12. Qxe4 Be7 13. Nd2 Nh6 14. Nxd7
Rxd7 15. Be5 Qb6 16. Bxg7 Rg8 17. Qxh7 Qe6+ 18. Kf1 Qg4 19. Qxh6 Rxg7 20. Qh3
Qg6 21. Nc4 f6 22. Ne3 cxd4 23. cxd4 Rxd4 24. Qf5 Qh7 25. Qb5+ Kf8 26. Nf5 Rg5
27. Qb8+ Rd8 28. Qb3 Qf7 29. Qxf7+ Kxf7 30. Nxe7 Kxe7 31. Re1+ Kf7 32. g3 Rd2
33. Re2 Rgd5 34. f3 Rxe2 35. Kxe2 Rb5 36. b3 a5 37. Rd1 Rb4 38. Ke3 f5 39. Rd4
Rb5 40. Kf4 Ke6 41. h4 Rc5 42. h5 Rc2 43. Ra4 Rc5 44. g4 fxg4 45. fxg4 Kf6 46.
Rc4 Rb5 47. g5+ Kg7 48. Rc7+ Kg8 49. h6 a4 50. g6 Kf8 51. Rc8+ Ke7 52. h7 1-0

[Event "Cto. Madrid 2016/2017 - Semifinal"]
[Site "Madrid ESP"]
[Date "2017.04.05"]
[Round "8.10"]
[White "Ortega Morales, Pedro"]
[Black "Pana, Dorin"]
[Result "1/2-1/2"]
[WhiteElo "1786"]
[BlackElo "2034"]
[PlyCount "110"]
[EventDate "2017.03.27"]
[EventType "swiss"]
[EventRounds "9"]
[EventCountry "ESP"]
[SourceTitle "AeM"]
[Source "lmi"]
[SourceDate "2017.03.27"]

1. d4 d5 2. Bf4 Bf5 3. Nd2 e6 4. Ngf3 Nf6 5. h3 c5 6. e3 Nc6 7. c3 a6 8. a4 Bd6
9. Bxd6 Qxd6 10. Be2 h6 11. O-O g5 12. dxc5 Qxc5 13. Nd4 Bg6 14. Nxc6 bxc6 15.
Nb3 Qe7 16. Nd4 c5 17. Nf3 O-O 18. Ne5 Bf5 19. Bd3 Bxd3 20. Qxd3 Qc7 21. Ng4
Nxg4 22. hxg4 Qb6 23. Qd2 Rab8 24. Rfb1 c4 25. Qd4 Qxd4 26. cxd4 Rb4 27. Kf1
Rfb8 28. Ra3 Rxb2 29. Rxb2 Rxb2 30. Ke1 a5 31. g3 Kg7 32. f3 Kg6 33. e4 h5 34.
gxh5+ Kxh5 35. exd5 exd5 36. Re3 f6 37. Re6 Rb4 38. Rxf6 Rxa4 39. Kf2 Ra2+ 40.
Ke3 a4 41. Rf5 Ra3+ 42. Ke2 Rb3 43. Rxd5 a3 44. Ra5 Kg6 45. Ra4 g4 46. Ra6+ Kf5
47. Ra5+ Ke6 48. fxg4 Rxg3 49. Kd2 a2 50. Kc2 Rxg4 51. Kc3 Rg2 52. Kxc4 Kd7 53.
Kb3 Rg3+ 54. Kxa2 Rd3 55. d5 Kd6 1/2-1/2

[Event "Cto. Madrid 2016/2017 - Semifinal"]
[Site "Madrid ESP"]
[Date "2017.04.05"]
[Round "8.11"]
[White "Cabanas Bravo, Juan Andres"]
[Black "Ocana Lameiro, Oliver"]
[Result "0-1"]
[WhiteElo "2005"]
[BlackElo "1966"]
[PlyCount "54"]
[EventDate "2017.03.27"]
[EventType "swiss"]
[EventRounds "9"]
[EventCountry "ESP"]
[SourceTitle "AeM"]
[Source "lmi"]
[SourceDate "2017.03.27"]

1. e4 c6 2. Nc3 d5 3. Nf3 dxe4 4. Nxe4 Nf6 5. Qe2 Nxe4 6. Qxe4 Nd7 7. Bc4 Nf6
8. Ne5 e6 9. Qf4 Be7 10. d4 O-O 11. c3 c5 12. Be3 Nd5 13. Qf3 Nxe3 14. fxe3
cxd4 15. exd4 Bd6 16. Ng4 e5 17. Nxe5 Bxe5 18. O-O Bxd4+ 19. Kh1 Bf6 20. Qh5
Be6 21. Rad1 Qe7 22. Bd3 g6 23. Qf3 Bg7 24. Rde1 Rae8 25. Be4 Bxa2 26. h3 Qh4
27. g4 Bd5 0-1

[Event "Cto. Madrid 2016/2017 - Semifinal"]
[Site "Madrid ESP"]
[Date "2017.04.05"]
[Round "8.12"]
[White "Ingunza Curro, Andres"]
[Black "Morera Rodriguez, Ignacio"]
[Result "0-1"]
[WhiteElo "1743"]
[BlackElo "1977"]
[PlyCount "126"]
[EventDate "2017.03.27"]
[EventType "swiss"]
[EventRounds "9"]
[EventCountry "ESP"]
[SourceTitle "AeM"]
[Source "lmi"]
[SourceDate "2017.03.27"]

1. e4 c5 2. Nf3 d6 3. d4 cxd4 4. Nxd4 Nf6 5. f3 e6 6. c4 Be7 7. Nc3 Nc6 8. Be3
a6 9. Be2 O-O 10. O-O Re8 11. Qd2 Ne5 12. Rfd1 Qc7 13. b3 Bd7 14. Rac1 Rad8 15.
Bf1 Bc6 16. Qf2 Ng6 17. h3 Nd7 18. b4 b6 19. Nd5 exd5 20. cxd5 Rc8 21. Bxa6 Ra8
22. Nxc6 Nb8 23. Bxb6 Qd7 24. Bb5 Bh4 25. Qe3 Rxa2 26. Nd4 Qe7 27. Ne2 Rf8 28.
Qb3 Rxe2 29. Bxe2 Nf4 30. Bf1 Qg5 31. g4 h5 32. Be3 Nd7 33. Bxf4 Qxf4 34. Bg2
Ne5 35. b5 hxg4 36. fxg4 Bf2+ 37. Kh1 Be3 38. Rf1 Qg3 39. Qxe3 Qxe3 40. Rb1 Rb8
41. Rfc1 Kh7 42. Re1 Qd4 43. Red1 Nd3 44. Kh2 Qe5+ 45. Kg1 Nf4 46. Rb4 Nxg2 47.
Kxg2 Kg6 48. Rdb1 Ra8 49. R1b2 Ra1 50. b6 Qf4 51. e5 Qf1+ 52. Kg3 Ra3+ 53. R4b3
Rxb3+ 54. Rxb3 Qg1+ 55. Kf4 Qd4+ 56. Kg3 Qxe5+ 57. Kf2 Qxd5 58. Rb1 Qd2+ 59.
Kg1 Qd3 60. Rb4 Qg3+ 61. Kf1 Qxh3+ 62. Kg1 Qe3+ 63. Kh1 Qe1+ 0-1

[Event "Cto. Madrid 2016/2017 - Semifinal"]
[Site "Madrid ESP"]
[Date "2017.04.05"]
[Round "8.13"]
[White "Spitzer Isbert, Ramon"]
[Black "Guillo Longares, Cecilia"]
[Result "1-0"]
[WhiteElo "2023"]
[BlackElo "1919"]
[PlyCount "123"]
[EventDate "2017.03.27"]
[EventType "swiss"]
[EventRounds "9"]
[EventCountry "ESP"]
[SourceTitle "AeM"]
[Source "lmi"]
[SourceDate "2017.03.27"]

1. e4 c5 2. Nf3 Nc6 3. d4 cxd4 4. Nxd4 g6 5. Nc3 Bg7 6. Be3 Nf6 7. Bc4 O-O 8.
f3 d6 9. Qd2 Bd7 10. O-O-O Rc8 11. Bb3 Na5 12. Kb1 Nc4 13. Bxc4 Rxc4 14. Nde2
b5 15. Bh6 b4 16. Bxg7 Kxg7 17. Nd5 Nxd5 18. exd5 Qc7 19. Nd4 Rc8 20. h4 h5 21.
g4 Rh8 22. Rdg1 Qb6 23. Nf5+ Kf8 24. Qg5 Bxf5 25. gxf5 Qf2 26. fxg6 Qxc2+ 27.
Ka1 fxg6 28. Rc1 Qd3 29. Rxc4 Qxc4 30. Rc1 Qd3 31. Re1 Rh7 32. Qf4+ Rf7 33.
Qh6+ Kg8 34. Rg1 Rg7 35. Rc1 Qxd5 36. Rc8+ Kf7 37. Qf4+ Qf5 38. Qc4+ d5 39. Qc6
Rg8 40. Rxg8 Kxg8 41. Qe8+ Kg7 42. Qxe7+ Qf7 43. Qxb4 Qc7 44. Kb1 Kf7 45. Qd4
Qd7 46. Qf4+ Kg7 47. Kc2 Qf7 48. Qxf7+ Kxf7 49. f4 Kf6 50. b4 Kf5 51. a4 Kxf4
52. b5 g5 53. a5 gxh4 54. b6 axb6 55. axb6 h3 56. b7 Kg3 57. b8=Q+ Kg2 58. Qg8+
Kh2 59. Kd2 d4 60. Ke1 d3 61. Kf2 d2 62. Qg1# 1-0

[Event "Cto. Madrid 2016/2017 - Semifinal"]
[Site "Madrid ESP"]
[Date "2017.04.05"]
[Round "8.14"]
[White "Vukotic Jovsic, Dragan"]
[Black "Martinez Fernandez, Raul"]
[Result "0-1"]
[WhiteElo "1950"]
[BlackElo "2059"]
[PlyCount "96"]
[EventDate "2017.03.27"]
[EventType "swiss"]
[EventRounds "9"]
[EventCountry "ESP"]
[SourceTitle "AeM"]
[Source "lmi"]
[SourceDate "2017.03.27"]

1. d4 d5 2. Bf4 Bf5 3. e3 e6 4. Nf3 Nf6 5. c4 c6 6. Qb3 Qb6 7. c5 Qxb3 8. axb3
Nbd7 9. Nc3 Nh5 10. b4 Nxf4 11. exf4 Be7 12. b5 O-O 13. b4 a6 14. bxc6 bxc6 15.
Rxa6 Rxa6 16. Bxa6 Ra8 17. Be2 Ra1+ 18. Bd1 Bd3 19. Kd2 Bc4 20. Re1 Ra7 21. Be2
Bxe2 22. Kxe2 f6 23. Rb1 Kf7 24. b5 cxb5 25. Rxb5 Rc7 26. g4 Rc8 27. Rb7 Ke8
28. Kd3 Bxc5 29. Rxd7 Kxd7 30. dxc5 Rxc5 31. h4 Ra5 32. g5 Kd6 33. Nd4 Ra1 34.
Nce2 Rh1 35. Nf3 e5 36. fxe5+ fxe5 37. Ng3 Ra1 38. Nh2 Ke6 39. Ng4 Ra4 40. f3
Ra3+ 41. Ke2 e4 42. Nh5 g6 43. Nhf6 Rxf3 44. Nxh7 Rh3 45. Nf8+ Kf7 46. Nd7 Rxh4
47. Nde5+ Ke6 48. Ke3 Kf5 0-1

[Event "Cto. Madrid 2016/2017 - Semifinal"]
[Site "Madrid ESP"]
[Date "2017.04.05"]
[Round "8.15"]
[White "Camarero Izquierdo, Juan Carlos"]
[Black "Pablos Tenrero, Raquel"]
[Result "0-1"]
[WhiteElo "1775"]
[BlackElo "1987"]
[PlyCount "92"]
[EventDate "2017.03.27"]
[EventType "swiss"]
[EventRounds "9"]
[EventCountry "ESP"]
[SourceTitle "AeM"]
[Source "lmi"]
[SourceDate "2017.03.27"]

1. d4 d5 2. Nc3 c6 3. f3 Nf6 4. Bg5 Qb6 5. Rb1 h6 6. Bh4 Nbd7 7. e4 dxe4 8.
fxe4 e5 9. Bf2 Qa5 10. Bd3 Bb4 11. Nge2 Ng4 12. O-O Nxf2 13. Rxf2 exd4 14. Nxd4
Ne5 15. Kh1 Qb6 16. Nce2 Bg4 17. Qf1 Bc5 18. a4 Bxd4 19. a5 Qc5 20. Nxd4 Qxd4
21. h3 Bh5 22. a6 Nxd3 23. axb7 Rb8 24. cxd3 O-O 25. Rc1 Rxb7 26. Rxc6 Qd7 27.
Rc5 Bg6 28. h4 h5 29. Rg5 Rb6 30. g4 hxg4 31. h5 Qe7 32. Rxg4 Bxh5 33. Rgf4 Rh6
34. Rh2 Bg6 35. Rxh6 gxh6 36. Rf6 Kg7 37. Rf4 Rb8 38. Qc1 Qe5 39. Qc3 Qxc3 40.
bxc3 Rb3 41. d4 Rxc3 42. e5 Rd3 43. Kg2 a5 44. Kf2 a4 45. Rg4 a3 46. Ke2 a2 0-1

[Event "Cto. Madrid 2016/2017 - Semifinal"]
[Site "Madrid ESP"]
[Date "2017.04.05"]
[Round "8.16"]
[White "Vazquez Gonzalez, Francisco"]
[Black "Rosa Ramirez, Victor Diego"]
[Result "0-1"]
[WhiteElo "1955"]
[BlackElo "1945"]
[PlyCount "106"]
[EventDate "2017.03.27"]
[EventType "swiss"]
[EventRounds "9"]
[EventCountry "ESP"]
[SourceTitle "AeM"]
[Source "lmi"]
[SourceDate "2017.03.27"]

1. e4 e6 2. d4 d5 3. e5 c5 4. c3 Qb6 5. Nf3 Nc6 6. a3 Nh6 7. b4 cxd4 8. cxd4
Nf5 9. Bb2 a5 10. b5 a4 11. Be2 Be7 12. O-O O-O 13. Ra2 Na5 14. Nc3 Nc4 15.
Bxc4 dxc4 16. d5 exd5 17. Qxd5 Be6 18. Qe4 Rfd8 19. Raa1 Bc5 20. Rad1 Rxd1 21.
Rxd1 Bxf2+ 22. Kh1 g6 23. g4 Ne7 24. Ng5 Rf8 25. Rd6 Qe3 26. Qxe3 Bxe3 27. Nxe6
fxe6 28. Ne4 Rf4 29. Rxe6 Rxe4 30. Rxe7 Rxg4 31. h3 Rg1+ 32. Kh2 Rb1 33. Bc3
Rb3 34. Bb4 Rxb4 35. axb4 c3 36. Rc7 Bf4+ 37. Kg2 Bxe5 38. Re7 Bf6 39. Re2 a3
40. Kf3 c2 41. Rxc2 Kf7 42. Ke4 Bb2 43. Rc7+ Ke6 44. Rxb7 a2 45. Rb6+ Kd7 46.
Rb7+ Kc8 47. Ra7 a1=Q 48. Rxa1 Bxa1 49. Kd5 Kd7 50. b6 h5 51. b7 Kc7 52. Ke6
Kxb7 53. h4 Kb6 0-1